000 00646nam a2200241Ia 4500
003 OSt
005 20220918183515.0
006 a|||||r|||| 00| 0
007 ta
008 220917b |||||||| |||| 00| 0 eng d
024 _a38,463
037 _cTextual
040 _aARTS
_cARTS
_beng
041 _2eng
_aeng
082 _aO15:9x13, J6 (Q4)
100 _aGnoli Raniero
_962951
245 0 _aAesthetic experience according to Abhinavagupta
260 _c1956
490 _aseries orientale rome; 11
650 _aENGLISH LITERATURE
942 _hO15:9x13, J6 (Q4)
_cTEXL
_2CC
999 _c172859
_d172859